Statistics for Green Eggs and Ham Quiz

Click here to take the quiz!

General Stats

  • This quiz has been taken 37 times
  • The average score is 11 of 15

Answer Stats

Could you, would you?% Correct
I do not like them {Sam}-{I}-{Am}
93%
On a {train}
83%
With a {fox}
83%
I do not like them {ANYWHERE}!
79%
I do not like them {here} or {there}
79%
In a {box}
79%
In a {house}
79%
On a {boat}
79%
With a {mouse}
79%
You let me {be}!
72%
In the {rain}
69%
With a {goat}
69%
In a {car}!
66%
In the {dark}!
62%
In a {tree}!
55%

Score Distribution

Percentile by Number Answered

Percent of People with Each Score

Your Score History

You have not taken this quiz